000 00587nam a2200205Ia 4500
008 160319s9999 xx 000 0 und d
020 _a9712709892
050 _aFil 808.81
050 _bA628 2000
245 3 _aAn Anthology of winning works :
245 _bthe 1980s one-act-play /
245 _cDon Carlos Palanca Memorial Award for Literature.
260 _aManila :
260 _bCarlos Palanca Foundation inc.
260 _c2000
300 _a661 pages :
300 _c21 cm.
650 _aOne-act play, Philippines (English)
650 _aPhilippine drama (English)
999 _c292339
_d292339